000 00504nam a2200205Ia 4500
003 OSt
005 20230607085103.0
008 210423s2011 xx 000 0 und d
040 _cAL
041 _aeng
082 _a305.4 CSWI
100 _a.
_9120844
245 _aInternational womens day
260 _aNew Delhi
_bMinistry of Education
_c2011
365 _cINR
650 _aSociology
_9120845
650 _aWomen Studies
_9120846
906 _aday ; International ; womens
942 _2ddc
_cBK
999 _c176052
_d176052